Movie Alphabet L - Statistics

General Stats
  • This quiz has been taken 71 times
  • The average score is 10 of 16
Answer Stats
Picture Answer % Correct
The Lion King
100%
Lord of the Rings: The Fellowship of the Ring
98%
The Lego Movie
93%
Lilo and Stitch
88%
Lawrence of Arabia
75%
Love Actually
70%
Liar Liar
67%
Lethal Weapon
63%
Logan
58%
Little Shop of Horrors
47%
Licence to Kill
46%
Live and Let Die
42%
Lord of the Flies
42%
Last Action Hero
39%
LA Confidential
35%
The Living Daylights
26%
No matching quizzes found
Score Distribution
Percent of People with Each Score
Percentile by Number Answered
Your Score History
You have not taken this quiz